Nuevos Reglamentos comunitarios y su impacto en el derecho catalǹ

Detalles Bibliográficos
Autor principal: Parra, Carmen
Formato: eBook
Lenguaje:español
Publicado: Barcelona : J.M. Bosch Editor, 2012
Materias:
Acceso en línea:http://www.vlex.com/source/7280

MARC

LEADER 00000nam a22000007a 4500
005 20130226185057.0
007 cr|||| ||||
008 130226e2012 sp |||||s|||| 00||0 spa d
020 |a 978-84-940751-6-2 
035 |a 7280 
040 |a vLex 
090 |c 3779  |d 3779 
100 1 0 |a Parra, Carmen  
245 1 0 |a Nuevos Reglamentos comunitarios y su impacto en el derecho catalǹ  |h [Recurso electrn̤ico] /  |c Carmen Parra 
256 |a Servicio en ln̕ea 
260 |a Barcelona :  |b J.M. Bosch Editor,   |c 2012 
300 |a 1 Recurso electrn̤ico 
650 0 4 |a Derecho foral  |z Cataluą 
650 0 4 |a Derecho civil catalǹ 
650 0 4 |a Derecho foral de Cataluą 
740 |a vLex Libros (Servicio en ln̕ea)  
856 |a Acceso restringido  |u http://www.vlex.com/source/7280 
942 |c BOOK 
999 0 |a Catalan law